| 000 | 00341nam a22001337a 4500 | ||
|---|---|---|---|
| 008 | 171101b xxu||||| |||| 00| 0 eng d | ||
| 020 | _a2900813343722 | ||
| 041 | _aeng | ||
| 080 | _a339.9 | ||
| 100 | _a59 | ||
| 101 | _aGLO | ||
| 245 |
_aINTERNATIONAL STUDIES AN INTERDISCIPLINARY APPROACH TO GLOBAL ISSUES _cANDERSON,SH |
||
| 942 |
_2udc _cBK |
||
| 999 |
_c37111 _d37111 |
||